Manual del servicio de la deuda / (Registro nro. 12785)

Detalles MARC
000 -LEADER
fixed length control field 01094nam a2200229Ia 4500
003 - CONTROL NUMBER IDENTIFIER
control field OSt
005 - DATE AND TIME OF LATEST TRANSACTION
control field 20211124085119.0
008 - FIXED-LENGTH DATA ELEMENTS--GENERAL INFORMATION
fixed length control field 210310s2005 wauad gr 000 0 spa d
040 ## - CATALOGING SOURCE
Original cataloging agency CO-JMCR
Transcribing agency CO-JMCR
041 0# - LANGUAGE CODE
Language code of text/sound track or separate title spa
082 04 - DEWEY DECIMAL CLASSIFICATION NUMBER
Classification number 336.34 /
Item number B213m
Edition number 23
110 2# - MAIN ENTRY--CORPORATE NAME
Corporate name or jurisdiction name as entry element Banco Mundial
Relator term autor
9 (RLIN) 5980
245 10 - TITLE STATEMENT
Title Manual del servicio de la deuda /
Statement of responsibility, etc. Banco Mundial
260 ## - PUBLICATION, DISTRIBUTION, ETC.
Place of publication, distribution, etc. Washington :
Name of publisher, distributor, etc. Grupo de servicios a los prestatarios,
Date of publication, distribution, etc. 2005.
300 ## - PHYSICAL DESCRIPTION
Extent 62 páginas :
Other physical details ilustraciones y gráficas en blanco y negro ;
Dimensions 27 cm.
504 ## - BIBLIOGRAPHY, ETC. NOTE
Bibliography, etc. note Bibliografía : páginas 61-62.
505 ## - FORMATTED CONTENTS NOTE
Formatted contents note Instrumentos financieros del Banco Mundial. -- Servicio de financiamiento para preparación de proyectos. -- Productos y condiciones financieras. -- Política de mora y sanciones. -- Extensión parcial de la política de cargos aplicables a los prestamos. -- Política de reembolso anticipado. -- Procedimientos de facturación. -- Preguntas frecuentes.
650 14 - SUBJECT ADDED ENTRY--TOPICAL TERM
Topical term or geographic name entry element Instrumentos financieros
9 (RLIN) 38923
650 24 - SUBJECT ADDED ENTRY--TOPICAL TERM
Topical term or geographic name entry element Condiciones financieras
9 (RLIN) 8006
650 24 - SUBJECT ADDED ENTRY--TOPICAL TERM
Topical term or geographic name entry element Política de mora
9 (RLIN) 41673
942 ## - ADDED ENTRY ELEMENTS (KOHA)
Source of classification or shelving scheme Dewey Decimal Classification
Koha item type Books
Existencias
Withdrawn status Lost status Source of classification or shelving scheme Damaged status Not for loan Home library Current library Shelving location Date acquired Source of acquisition Full call number Barcode Date last seen Copy number Price effective from Koha item type Total Checkouts
    Dewey Decimal Classification     Biblioteca Pública José María del Castillo y Rada Biblioteca Pública José María del Castillo y Rada General Stacks 04/15/2018 Donación 336.34 / B213m 430003511 05/16/2024 Ej.1 03/10/2021 Books  
    Dewey Decimal Classification     Biblioteca Pública José María del Castillo y Rada Biblioteca Pública José María del Castillo y Rada General Stacks 04/15/2018 Donación 336.34 / B213m 430003512 05/16/2024 Ej.2 03/10/2021 Books